Quizzes
Events
Quiz Creation
Community
Videos
Private Events
Remove Ads
Sign In
Join for FREE
Feedback
Dark Mode
Quiz Categories
Sports
Geography
Music
Movies
Television
Just For Fun
Miscellaneous
History
Literature
Language
Science
Gaming
Entertainment
Religion
Holiday
For Kids
Quiz Lab
Recent
Popular Today
Quiz Kudos Today
Editor Picks
Curator Picks
Quizzes by...
Day
Popularity
Type
Ratings
Length
Year
Community
Subscriptions
Recent Discussions
Orange Saloon
Badges
Playlists
Quests
Create
Leaderboards
Showdown
Live 5
Trivia Bingo
Activity
Puzzle Library
Sporcle Events
Private Events
Virtual Trivia
Globe League
Become a Host
Pub Owners
SporcleCon
Opinionation
Our Games
Videos
Blog
Mobile Apps
Partnerships
Remove Ads and Go Orange
Feedback
Music
Pop Music
The Beatles
Song
Album
Lyrics
Bands
Singers
Artist
Clip
Rock
Rap
Classical
Billboard
Country Music
Kpop
Taylor Swift
Music
Pop Music
The Beatles
Song
Album
Lyrics
Bands
Singers
Artist
Clip
Rock
Rap
Classical
Billboard
Country Music
Kpop
Taylor Swift
Random Quiz
Search Sporcle
×
Quiz Lab
Quiz Lab
Music
Song
Type in answers that appear in a list
Type in answers that appear in a list
Classic
Best Score? Go Orange.
All Kid Cudi Songs Stats
Can you name the All Kid Cudi Songs?
By
matthew7cotter
15m
204 Questions
429 Plays
429 Plays
429 Plays
Comments
Comments
Give Quiz Kudos
Give Quiz Kudos
-
- Ratings
hide this ad
Replay
Link that replays current quiz
Next Quiz
Link to next quiz in quiz playlist
You Got
0%
They Got
Avg Score
32%
Avg Friend Score
Upgrade to see
Score Distribution
Jump to the score distribution portion of the page
Score
0/204
Timer
15:00
0
Plays Today
Album
Song
% Correct
Single
Pursuit Of Happiness (Extended Steve Aoki Remix)
88.2%
Man On the Moon
Pursuit of Happiness
85.4%
Man On the Moon
Day N Nite
84.5%
A Kid Named Cudi
Day N Nite
84.3%
Man On the Moon
Soundtrack 2 My Life
75.4%
A Kid Named Cudi
Man On the Moon
74.6%
Man On the Moon
Man On the Moon
74.6%
Single
Day N Nite (Crookers Remix)
72.2%
Man On the Moon
Solo Dolo
71.4%
Indicud
Solo Dolo Part II
71.4%
Man On the Moon II
Mr. Rager
70.9%
Kids See Ghosts
Reborn
70.8%
Man On the Moon II
GHOST!
69%
Man On the Moon II
Erase Me
68.5%
Kids See Ghosts
Cudi Montage
65%
Man On the Moon
Up Up & Away
64.6%
Man On the Moon II
Marijuana
64.3%
Man On the Moon
Cudi Zone
62.9%
Indicud
Just What I Am
62.4%
Kids See Ghosts
Kids See Ghosts
61.8%
A Kid Named Cudi
The Prayer
61.7%
Man On the Moon
Make Her Say
60.6%
Man On the Moon
Heart of a Lion
59.9%
Passion, Pain, & Demon Slayin'
Surfin'
59.4%
Kids See Ghosts
Fire
59.2%
Kids See Ghosts
Freeee
58.3%
Kids See Ghosts
4th Dimension
58%
Man On the Moon II
Scott Mescudi vs the World
58%
Man On the Moon II
Mojo So Dope
57.5%
Kids See Ghosts
Feel the Love
57.4%
Man On the Moon
Alive
56.8%
Man On the Moon
In My Dreams
56.6%
Satellite Flight
In My Dreams 2015
56.6%
Man On the Moon II
REVOFEV
56.3%
Passion, Pain, & Demon Slayin'
Frequency
55.4%
Man On the Moon II
All Along
55.2%
Passion, Pain, & Demon Slayin'
Baptized In Fire
53.8%
Man On the Moon
Enter Galactic
52.3%
Indicud
Unfuckwittable
51.6%
Speedin' Bullet 2 Heaven
CONFUSED!
50.7%
Man On the Moon
Simple As...
50.2%
Man On the Moon
My World
50.2%
Passion, Pain, & Demon Slayin'
Kitchen
50%
Speedin' Bullet 2 Heaven
Speedin' Bullet 2 Heaven
49.8%
Man On the Moon
Sky Might Fall
49.1%
Man On the Moon II
Trapped in My Mind
48.1%
Satellite Flight
SATELLITE FLIGHT
47.9%
Passion, Pain, & Demon Slayin'
By Design
47.2%
Passion, Pain, & Demon Slayin'
Rose Golden
47.2%
Man On the Moon II
Don't Play This Song
45.8%
Man On the Moon II
Ashin' Kusher
45.8%
Man On the Moon II
The End
45.3%
Man On the Moon
Hyerr
44.6%
Indicud
Immortal
43.9%
Cudder Is Back
Click Up (Gorgeous Remix)
43.9%
Passion, Pain, & Demon Slayin'
Swim In the Light
43.7%
A Kid Named Cudi
TGIF
43.4%
Man On the Moon
TGIF
43.4%
Indicud
Brothers
43.2%
Indicud
King Wizard
42.7%
Indicud
Girls
42.5%
Man On the Moon II
MANIAC
42.3%
A Kid Named Cudi
Intro
42%
Satellite Flight
Balmain Jeans
41.8%
Featured On
Gorgeous
41.8%
Featured On
Ghost Town
41%
Dat Kid From Cleveland
DJ E-V (Intro)
40.8%
A Kid Named Cudi
Cleveland is the Reason
40.1%
Album
Song
% Correct
Man On the Moon II
These Worries
40.1%
Passion, Pain, & Demon Slayin'
The Commander
40.1%
Single
Love
39.8%
Featured On
Welcome to Heartbreak
38.7%
Man On the Moon II
The Mood
38.5%
Satellite Flight
Too Bad I Have to Destroy You Now
38.3%
A Kid Named Cudi
Is There Any Love
37.8%
Man On the Moon
Is There Any Love
37.8%
Man On the Moon II
We Aite
37.6%
Passion, Pain, & Demon Slayin'
All In
37.1%
A Kid Named Cudi
Down & Out
36.9%
Passion, Pain, & Demon Slayin'
Releaser
36.6%
Indicud
Red Eye
36.4%
Passion, Pain, & Demon Slayin'
ILLusions
35.4%
Indicud
The Resurrection of Scott Mescudi
35.2%
A Kid Named Cudi
Maui Wowie
34.5%
Speedin' Bullet 2 Heaven
Adventures
33.6%
Cudder Is Back
Dat New New
33.3%
Cudder Is Back
CudderIsBack
32.8%
Indicud
Cold Blooded
32.6%
Speedin' Bullet 2 Heaven
Embers
32.6%
Passion, Pain, & Demon Slayin'
Dance 4 Eternity
32.2%
Passion, Pain, & Demon Slayin'
Cosmic Warrior
31.7%
Satellite Flight
Internal Bleeding
31.2%
Man On the Moon II
Wild'n Cuz I'm Young
31%
Passion, Pain, & Demon Slayin'
Wounds
31%
A Kid Named Cudi
Embrace the Martian
30.5%
Indicud
Beez
30.5%
Indicud
Mad Solar
30%
Featured On
Father Stretch My Hands Pt. 1
30%
Passion, Pain, & Demon Slayin'
Does It
29.8%
Passion, Pain, & Demon Slayin'
Mature Nature
29.8%
Indicud
Young Lady
29.6%
Satellite Flight
Troubled Boy
29.3%
Speedin' Bullet 2 Heaven
Edge of the Earth
29.3%
Single
No One Believes Me
29.1%
A Kid Named Cudi
50 Ways to Make a Record
28.9%
Indicud
New York City Rage Fest
28.9%
A Kid Named Cudi
CuDi Get
28.6%
A Kid Named Cudi
Heaven at Nite
28.6%
Passion, Pain, & Demon Slayin'
The Guide
28.6%
Speedin' Bullet 2 Heaven
MELTING
28.4%
Featured On
Memories
28.4%
A Kid Named Cudi
Pillow Talk
28.2%
A Kid Named Cudi
CuDi Spazzin
27.9%
Satellite Flight
Going to the Ceremony
27.9%
Speedin' Bullet 2 Heaven
Judgemental ****
27.9%
Featured On
Through the Late Night
27.9%
Featured On
Dangerous
27.4%
Speedin' Bullet 2 Heaven
Fuchsia Butterflies
27%
Featured On
A$AP Forever Remix
26.5%
Passion, Pain, & Demon Slayin'
Distant Fantasies
26.3%
Speedin' Bullet 2 Heaven
Screwed
25.8%
Speedin' Bullet 2 Heaven
Wedding Tux
25.8%
Indicud
Lord of the Sad and Lonely
25.6%
Speedin' Bullet 2 Heaven
Man In the Night
25.6%
Featured On
All of the Lights
25.6%
Indicud
The Flight of the Moon Man
25.4%
Speedin' Bullet 2 Heaven
Handle With Care
25.1%
Speedin' Bullet 2 Heaven
Fade 2 Red
24.6%
Featured On
On My Own
23.9%
A Kid Named Cudi
Whenever
23.5%
Indicud
Afterwards
23.2%
Featured On
LOST
23.2%
Speedin' Bullet 2 Heaven
The Nothing
23%
Speedin' Bullet 2 Heaven
Trauma
23%
Speedin' Bullet 2 Heaven
Worth
23%
Indicud
Burn Baby Burn
22.5%
Album
Song
% Correct
Speedin' Bullet 2 Heaven
AMEN
22.5%
Satellite Flight
Copernicus Landing
22.3%
Speedin' Bullet 2 Heaven
Angered Kids
22.3%
Cudder Is Back
That Girl
22.2%
Cudder Is Back
Do It Alone
22.2%
A Kid Named Cudi
Save My Soul
21.6%
Single
The Rage
20.9%
Featured On
Waves
20.8%
Speedin' Bullet 2 Heaven
Red Sabbath
20.4%
Speedin' Bullet 2 Heaven
Insides Out
20.2%
Speedin' Bullet 2 Heaven
WAIT!
19.7%
Cudder Is Back
'09
19.7%
Speedin' Bullet 2 Heaven
Fairy Tale Remains
19.5%
Cudder Is Back
Daps & Pounds
19.4%
Dat Kid From Cleveland
Daps & Pounds
19.4%
Satellite Flight
Destination: Another Moon
19.2%
Speedin' Bullet 2 Heaven
The Return of Chip Douglas
19.2%
Single
Dose of Dopeness
19.2%
Passion, Pain, & Demon Slayin'
Fight at First Sight
19%
Speedin' Bullet 2 Heaven
Anomaly
18.8%
Featured On
Guilt Trip
18.3%
Dat Kid From Cleveland
Welcome 2 the World
18.1%
Speedin' Bullet 2 Heaven
Seance Chaos
17.8%
Featured On
No Mistakes
17.7%
Featured On
That Tree
17.6%
Cudder Is Back
Call Me Moon Man
17.2%
Featured On
Already Home
17.1%
Dat Kid From Cleveland
Sky High
16.9%
Dat Kid From Cleveland
Super Boo
16.9%
Featured On
Satellites
16.7%
Dat Kid From Cleveland
She Came Along
16.7%
Dat Kid From Cleveland
Higher Up
16.4%
Cudder Is Back
Never Come Down
16.1%
Dat Kid From Cleveland
Rollin
16.1%
Dat Kid From Cleveland
Skit
16.1%
Featured On
Symphonies
16%
Cudder Is Back
Falling Star
15.3%
Featured On
Welcome to the World
15.3%
Featured On
Welcome to the World
15.3%
Cudder Is Back
Pion
15%
Cudder Is Back
I Do My Thing
15%
Featured On
Run
14.8%
Featured On
Cudi the Kid
14.6%
Featured On
Hero
14.3%
Featured On
Rollin'
14.3%
Featured On
She Came Along
14.3%
Dat Kid From Cleveland
Look Up In Da Stars
14.2%
Satellite Flight
Return of the Moon Manj
14.1%
Featured On
Did It Again Remix
13.8%
Featured On
Christian Dior Denim Flow
13.8%
Dat Kid From Cleveland
Can I Be
13.6%
Featured On
Focused
13.4%
Dat Kid From Cleveland
Ho' Is Short for Honey
13.3%
Dat Kid From Cleveland
Ask About Me
13.3%
Featured On
First Chain
12.7%
Dat Kid From Cleveland
Takeover Freestyle
12.5%
Dat Kid From Cleveland
Switchin Lanes
12.5%
Cudder Is Back
The Biggest Grinder
12.2%
Cudder Is Back
Darkness Be Rising
12.2%
Featured On
Way Back
12.2%
Featured On
Ask About Me
11.7%
Dat Kid From Cleveland
Buggin Out
11.1%
Featured On
The Joy
10.8%
Featured On
Whatever U Want
10.3%
Featured On
GloryUs
9.9%
Featured On
Boom Boom Style
9.6%
Featured On
GOOD Friday
9.4%
Featured On
Can't Stop Me
9.2%
Quiz Playlist
Details
Report
Send in Message
Add To Playlist
Classic:
Type in answers that appear in a list
Last Updated: Aug 14, 2019
Quiz Scoreboard
CHALLENGE
Sign Up to Join the Scoreboard
Show All
Scores
Hide
Comments
May contain spoilers
Recently Published
Presidents Visiting Landmarks
by Hejman
History
7m
An Introduction to Baseball
by treessimontrees
Sports
5m
Movies - When Are They Set?
by FPL_Elf
Movies
5m
More to Explore
Quiz From the Vault
Featured Blog Post
Where Did the Easter Bunny Come From?
hide this ad
You Might Also Like...
Tags
Album Quiz
Rap Quiz
Song Quiz
cudi
kid
Kid Cudi
Music Tracks
Rap Songs
Today's Top Quizzes in Music
Browse Music
hide this ad
Today's Top Quizzes in Song
Browse Song
Top Contributed Quizzes in Music
1
Taylor Swift All Songs (2024)
2
Guess the Artist- 70s Songs
3
7-to-1: Billboard Hot 100 #1 Hits of 2010s
4
Sorting Albums and Songs
5
Taylor Swift Logic Puzzle
6
One Thing in Common: Music
7
2010s Album by Cover III
8
KPOP LOGIC QUIZ
9
Guess the Taylor Swift song (Mystery Song)
10
Guess the Artist- 80s Songs
Explore More
Trending Topics
Crossword
Harry Potter
Disney
Marvel
Anime
Kpop
NBA
Puzzle
The Office
Song
Pokémon
NFL
WWE
Country
Soccer
hide this ad
More By:
matthew7cotter
Quiz
Plays
Rating
Category
Featured
Created
NBA Starters 2018-19
4,681
2.60
Sports
Nov 1, 2018
All J Cole Songs
2,744
3.25
Music
Sep 16, 2017
All Eminem Songs
1,937
4.67
Music
Sep 9, 2017
Name 300 Rappers
1,312
2.67
Music
May 15, 2018
All Kanye West Songs
859
4.50
Music
Sep 14, 2017
Go to Creator's Profile
Score Distribution
Quiz Creator Spotlight
matthew7cotter
Follow
Send a Message
Quizzes Created
-
Created Quiz Play Count
-
More By This Creator
Popular Quizzes Today
1
Find the US States - No Outlines Minefield
2
Find the Countries of Europe - No Outlines Minefield
3
The Countries of the World
4
Find the US States
5
Popular People in 1961
6
US States
7
Risky Map Clicking: Biggest States A-Z
8
Movies - When Are They Set?
More Music Quizzes
Match KPOP Idol With Their Group
Quiz Lab
Trending Quizzes
Risky Map Clicking: Least Populous States A-Z
1-10 Letter G Words
1-10 Letter F Words
Risky Map Clicking: Next State Alphabetically
Risky Map Clicking: Biggest States A-Z
Recently Updated
Leaping Animals
pecheneg
Reality TV Shows (A-Z)
bhenderson79
Rickey Henderson's Hall of Fame Teammates
pecheneg
Champions League XIs: Arsenal
pecheneg
Quick Pick: Celebrities in WWE's Hall of Fame
aduchscher
A-Z Keypad Blitz II
pecheneg
Multiple Oscar Actors
pecheneg
Mystery Phrase Blitz: Oscar 'Best Actors'
pecheneg
F. Scott Fitzgerald Novels
LTH
Pick 3 Villains
ddd62291
Trending Topics
Crossword
Disney
Anime
Kpop
Marvel
NBA
Harry Potter
Pokémon
Song
Puzzle
Country
WWE
NFL
Soccer
The Office
Your Account Isn't Verified!
In order to create a playlist on Sporcle, you need to verify the email address you used during registration. Go to your
Sporcle Settings
to finish the process.
Report this User
Report this user for behavior that violates our
Community Guidelines
.
Details:
Send Report
Go to the Sporcle.com Mobile Site →
Comments